000 00995nas a2200337 4500
001 BR2019001083
003 BR-BrBNA
005 20231205131703.0
007 ta
008 230509b bl.|||p| |||| 00| 00por d
040 _aBR-BrBNA
_bpor
_cBiblioteca Nacional de Agricultura
041 _a(Pt)
072 _aF01
100 1 _aSousa, R.M. de
100 1 _aAraújo, D.R. de
100 1 _aChaves, F.M.S.
100 1 _aMendes, M. da S.
100 1 _aNascimento, S. da S.
100 1 _aFurtado, M.B.
245 1 _aSombreamento no desempenho da alface em condições de estiagem no leste maranhense
650 _aLACTUCA SATIVA
650 _aALFACE
650 _aSOMBREAMENTO
650 _aTEMPERATURA
650 _aUMIDADE
650 _aRADIAÇÃO LUMINOSA
773 0 _tAgrotrópica (Brazil)
_xISSN 0103-3816
_g(Jan-Apr 2019), v. 31(1) p. 69-74
_wBR2019001083
856 4 0 _dLink DSPACE/MAPA BR2019001083
909 _a202311
_bLúcia
_c55
_dLúcia Elande
942 _2AGRIS
_n0
_cANA
999 _c256130
_d256130